000 00735nam a2200217 a 4500
001 000032232
003 OSt
005 20240229073937.0
008 110713s1936 dr r 000 0 spa d
040 _aDO-SdBNP
_bspa
_cBNPHU
082 _a972.93053
_bM839d
100 1 _aMorel, Emilio A.
_930470
245 1 0 _aDesde mi sector /
_cEmilio A. Morel.
260 _aCiudad Trujillo, República Dominicana :
_bTipografía Cambier,
_c1936.
300 _a144 p. ;
_c19 cm.
590 _aInventariado, 2018/ YL
600 1 0 _aTrujillo Molina, Rafael Leónidas,
_d 1891-1961
_976764
651 4 _aRepública Dominicana
_xPolítica y gobierno
_xHistoria
_yEra de Trujillo
_976709
910 _aValidado. Control de calidad MFF
942 _2ddc
_cLF1
999 _c31723
_d31723